000
00201 a2200085 4500
020
_a
9789881470355
100
_a
SendPoints (Editor)
245
_a
Organic Design
260
_b
Sendpoints Publishing Co
_c
2016
999
_c
13341
_d
13341